Reflexões sobre o Brasil e a nova (des)ordem internacional /

Salvato in:
Dettagli Bibliografici
Autore principale: Cano, Wilson
Natura: Libro
Lingua:Portuguese
Pubblicazione: Campinas, SP, Brasil : Editora da Unicamp, 1993.
Edizione:2. edición
Soggetti:
Tags: Aggiungi Tag
Nessun Tag, puoi essere il primo ad aggiungerne!!

MARC

LEADER 00000nam a2200000 a 4500
001 1592762
005 20140703071841.0
008 940223s1993 bl b s000 0 por
020 |a 852680264X 
040 |a DLC  |c cru CIICLA Universidad de Costa Rica 
082 |a 338.81   |b C227r2 
100 1 |a Cano, Wilson. 
245 1 0 |a Reflexões sobre o Brasil e a nova (des)ordem internacional /  |c Wilson Cano. 
250 |a 2. edición 
260 |a Campinas, SP, Brasil :  |b Editora da Unicamp,  |c 1993. 
300 |a 184 páginas 
504 |a Incluye referencias bibliográficas 
650 1 7 |a MERCADO DE TRABAJO  |z BRASIL 
651 1 7 |a BRASIL  |x POLITICA ECONOMICA 
651 1 7 |a BRASIL  |x CONDICIONES ECONOMICAS  |y 1985- 
942 |2 ddc  |c BK 
999 |c 3347  |d 3347